| 000 | 00880cam a2200277Ii 4500 | ||
|---|---|---|---|
| 999 |
_c4343 _d4343 |
||
| 001 | 43879 | ||
| 003 | GBCCL | ||
| 005 | 20241126110516.0 | ||
| 008 | 780720s1953 miu b 000 0 eng | ||
| 010 | _a 54006234 | ||
| 035 | _a(OCoLC)04071013 | ||
| 040 |
_aDLC _cCWS |
||
| 049 | _aLBBK | ||
| 082 |
_a210 _bBAV |
||
| 092 |
_a210 _bB354 |
||
| 100 | 1 |
_aBavinck, Herman, _d1854-1921. _98179 |
|
| 245 | 1 | 4 |
_aThe philosophy of revelation / _cby Herman Bavinck. |
| 260 |
_aGrand Rapids : _bEerdmans, _c1953. |
||
| 300 |
_ax, 349 p. ; _c23 cm. |
||
| 490 | 1 | _aThe Stone lectures for 1908-1909, Princeton Theological Seminary | |
| 504 | _aBibliographical references included in "Notes" (p. 317-349) | ||
| 650 | 0 |
_aRevelation. _91795 |
|
| 810 | 2 |
_aPrinceton Theological Seminary. _tStone lectures ; _v1908-9. _98180 |
|
| 830 | 0 |
_aChrist and culture collection. _98181 |
|
| 942 |
_2ddc _cBK |
||